Fr. Conceicao Rodrigues College of Engineering

Basic Diemaking (Record no. 20801)

MARC details
000 -LEADER
fixed length control field 00298nam a2200145Ia 4500
082 ## - DEWEY DECIMAL CLASSIFICATION NUMBER
Classification number 621.9
Item number Ost
100 ## - MAIN ENTRY--PERSONAL NAME
Personal name Ostergaard/ D.E.
245 ## - TITLE STATEMENT
Title Basic Diemaking
260 ## - PUBLICATION, DISTRIBUTION, ETC.
Name of publisher, distributor, etc. McGraw Hill
Place of publication, distribution, etc. Newyork
Date of publication, distribution, etc. 1963
300 ## - PHYSICAL DESCRIPTION
Extent 208
546 ## - LANGUAGE NOTE
Language note ENGLISH
654 ## - SUBJECT ADDED ENTRY--FACETED TOPICAL TERMS
Focus term Diemaking
942 ## - ADDED ENTRY ELEMENTS (KOHA)
Koha item type BOOK
Holdings
Withdrawn status Lost status Damaged status Not for loan Collection Home library Current library Shelving location Date acquired Total Checkouts Full call number Barcode Date last seen Price effective from Koha item type
        AFT Fr. Agnel's C.Rodrigues College of Engineering Fr. Agnel's C.Rodrigues College of Engineering   17/03/2023   621.9 Ost AFT4635 17/03/2023 17/03/2023 BOOK